000 00347nam a2200145Ia 4500
008 230312s9999||||xx |||||||||||||| ||und||
082 _a330
_bIRF-S
100 _aIrfan Iqbal
245 0 _aStudy Notes of Economics
260 _bKhalid Book Depot
_aPakistan
300 _a390
546 _aEng.
650 _aEconomics
_vDemand,Supply
942 _cBK
999 _c6329
_d6329